000 00965nam a2200265Ia 4500
003 OSt
005 20221005112024.0
006 a|||||r|||| 00| 0
007 ta
008 221004b |||||||| |||| 00| 0 hin d
020 _a9789381539507 (hbk)
_c1200
024 _a25393
037 _b102, 09/03/2016, Mallika Books
_cTextual
040 _aCRL
_cCRL
_bhin
041 _2hin
_ahin
082 _aR635, 152Q5
100 _aशालिनी
245 0 _aयोगदर्शन
_b तत्ववैशारदी के विशेष संदर्भ में
246 _aYogadarshana: tatvavaishāradī ke visheṣh sandarbha mean
260 _aवाराणसी
_bमनीष प्रकाशन भारत
_c2015
300 _a392पृ0
_ccm.
650 _aभारतीय दर्शन
942 _hR635, 152Q5
_cTEXL
_2cc
999 _c1023586
_d1023586